000 00297nam a2200133 i 4500
001 bg
100 1 _aPONOMAREV, P.
245 0 _aPo tu storomu kvanta /
_cP. Ponomarev.
260 _aMoskva,
_c1971.
040 _cBPK
041 _apol
942 _cKS
008 s pl f |000 0 pol
999 _c14143
_d14143
856 _uhttp://koha.tu.koszalin.pl/cgi-bin/koha/opac-detail.pl?biblionumber=14143
_yKatalog online BPK